000
00266nam a2200097Ia 4500
008
220120s9999||||xx |||||||||||||| ||und||
100
_a
Ambika, N. S
_9
12114
245
0
_a
NET CAM
260
_a
Coorg Institute of Technology
_b
Ponnampet
_c
2002
650
_a
COMPUTER SCIENCE
999
_c
137699
_d
137699